Stolice Azji - Statystyki

Ogólne statystyki
  • Ten quiz został rozwiązany 746 razy
  • Średni wynik to 32 z 48
Statystyki odpowiedzi
Kraj Stolica % Poprawnych
Chiny Pekin
98%
Japonia Tokio
98%
Korea Południowa Seul
95%
Indie Nowe Delhi
85%
Korea Północna Pjongjang
85%
Singapur Singapur
85%
Mongolia Ułan Bator
82%
Kazachstan Astana
81%
Tajlandia Bangkok
81%
Turcja Ankara
80%
Filipiny Manila
78%
Wietnam Hanoi
77%
Izrael Jerozolima
76%
Cypr Nikozja
76%
Zjednoczone Emiraty Arabskie Abu Zabi
74%
Indonezja Dżakarta
74%
Iran Teheran
73%
Kuwejt Kuwejt
72%
Malediwy Male
72%
Azerbejdżan Baku
71%
Afganistan Kabul
71%
Tajwan Tajpej
70%
Gruzja Tbilisi
70%
Syria Damaszek
69%
Armenia Erywań
69%
Arabia Saudyjska Rijad
68%
Irak Bagdad
66%
Pakistan Islamabad
66%
Laos Wientian
66%
Katar Doha
64%
Malezja Kuala Lumpur
64%
Timor Wschodni Dili
63%
Jordania Amman
60%
Bangladesz Dhaka
60%
Sri Lanka Sri Dźajawardanapura Kotte
60%
Liban Bejrut
59%
Jemen Sana
58%
Nepal Katmandu
57%
Kirgistan Biszkek
54%
Oman Maskat
53%
Kambodza Phnom Penh
52%
Turkmenistan Aszchabad
50%
Bhutan Thimphu
50%
Tadżykistan Duszanbe
49%
Bahrajn Manama
48%
Mjanma Naypyidaw
48%
Brunei Bandar Seri Begawan
40%
Uzbekistan Taszkient
28%
Nie znaleziono quizów pasujących do podanych kryteriów
Rozkład punktacji
Procent ludzi z każdym wynikiem
Percentyl według liczby udzielonych odpowiedzi
Twoja historia wyników
Nie rozwiązałeś tego quizu